Radiology for PET/CT Reporting

Reading PET/CT scans is sometimes challenging. Not infrequently, abnormal findings on CT images are functionally silent and therefore difficult for nuclear medicine practitioners to interpret. Furthermore, in general only a low-dose CT scan is produced as part of the combined PET/CT study, and the r...

Full description

Bibliographic Details
Main Authors: Nanni, Cristina (Author), Fanti, Stefano (Author), Zanoni, Lucia (Author)
Corporate Author: SpringerLink (Online service)
Format: Electronic eBook
Language:English
Published: Berlin, Heidelberg : Springer Berlin Heidelberg : Imprint: Springer, 2014.
Subjects:
Online Access:Full Text via HEAL-Link
LEADER 02720nam a22004575i 4500
001 978-3-642-40294-4
003 DE-He213
005 20151204141204.0
007 cr nn 008mamaa
008 131125s2014 gw | s |||| 0|eng d
020 |a 9783642402944  |9 978-3-642-40294-4 
024 7 |a 10.1007/978-3-642-40294-4  |2 doi 
040 |d GrThAP 
050 4 |a R895-920 
072 7 |a MMN  |2 bicssc 
072 7 |a MED080000  |2 bisacsh 
082 0 4 |a 616.07548  |2 23 
100 1 |a Nanni, Cristina.  |e author. 
245 1 0 |a Radiology for PET/CT Reporting  |h [electronic resource] /  |c by Cristina Nanni, Stefano Fanti, Lucia Zanoni. 
264 1 |a Berlin, Heidelberg :  |b Springer Berlin Heidelberg :  |b Imprint: Springer,  |c 2014. 
300 |a VII, 149 p. 258 illus., 128 illus. in color.  |b online resource. 
336 |a text  |b txt  |2 rdacontent 
337 |a computer  |b c  |2 rdamedia 
338 |a online resource  |b cr  |2 rdacarrier 
347 |a text file  |b PDF  |2 rda 
505 0 |a Normal CT slice by slice: Brain -- Head and neck -- Thorax -- Abdomen -- Pelvis -- Para-physiological CT findings: Brain -- Head and neck -- Thorax -- Abdomen -- Pelvis -- Pathologic CT findings: Brain -- Head and neck -- Thorax -- Abdomen -- Pelvis -- MR for nuclear medicine: Brain -- Bone -- Pelvis. 
520 |a Reading PET/CT scans is sometimes challenging. Not infrequently, abnormal findings on CT images are functionally silent and therefore difficult for nuclear medicine practitioners to interpret. Furthermore, in general only a low-dose CT scan is produced as part of the combined PET/CT study, and the resulting CT images may prove suboptimal for image interpretation. This atlas is designed to enable nuclear medicine practitioners who routinely read PET/CT scans to recognize the most common CT abnormalities. Slice-by-slice descriptions are provided of anatomical structures as visualized on CT scans obtained in PET/CT studies. The CT findings that may be detected while reviewing PET/CT scans of various body regions and conditions are then illustrated and fully described. The concluding section of the book is devoted to the principal MRI findings in diseases which cannot be evaluated using PETs/CTs. 
650 0 |a Medicine. 
650 0 |a Radiology. 
650 0 |a Nuclear medicine. 
650 1 4 |a Medicine & Public Health. 
650 2 4 |a Nuclear Medicine. 
650 2 4 |a Imaging / Radiology. 
700 1 |a Fanti, Stefano.  |e author. 
700 1 |a Zanoni, Lucia.  |e author. 
710 2 |a SpringerLink (Online service) 
773 0 |t Springer eBooks 
776 0 8 |i Printed edition:  |z 9783642402937 
856 4 0 |u http://dx.doi.org/10.1007/978-3-642-40294-4  |z Full Text via HEAL-Link 
912 |a ZDB-2-SME 
950 |a Medicine (Springer-11650)